000
00246nam a22001097a 4500
999
_c
153898
_d
153898
082
_a
_b
245
_a
Distance education/
_c
by B M Sharma (ed.)
260
_a
_b
Commonwealth Publishers,
_c
1994.
300
_a
463p.
650
_a
942
_c
BK